000 00553nam a2200217Ia 4500
008 101110s9999 xx 000 0 und d
041 _aENGLISH
082 _bSR34582
100 _aMithani D.M.
245 _aBusiness economics FYBCom, Paper -I
260 _c2010
_bSheth Publishers, Mumbai
300 _a328
365 _b120
520 _aEconomics
546 _aENGLISH
630 _aBusiness economics FYBCom, Paper -I
650 _aEconomics
655 _aEconomics
730 _aBusiness economics FYBCom, Paper -I
942 _cBOOK
999 _c827083
_d827080